000 00341nam a22001457a 4500
008 221020b ||||| |||| 00| 0 eng d
020 _a9780781722186
041 _aeng
080 _2SECOND EDITION
_a610.73
082 _a610.73 HUL
100 _a9
101 _aINF
245 _aDESIGNING CLIMICAL RESEARCH
_cHULLEY S
942 _2udc
_cBK
999 _c58621
_d58621